Štúdia optimálneho nakladania s odpadovou vodou v obci Hrabovka
Saved in:
| Main Author: | |
|---|---|
| Other Authors: | |
| Format: | Manuscript Book |
| Language: | Slovak |
| Published: |
2021
|
| Subjects: | |
| Online Access: | http://is.stuba.sk/zp/portal_zp.pl?podrobnosti=157706 |
| Tags: |
No Tags, Be the first to tag this record!
|
MARC
| LEADER | 00000ntm a22000003a 4500 | ||
|---|---|---|---|
| 001 | stuzp83962 | ||
| 003 | SK-STU | ||
| 005 | 20210605210507.4 | ||
| 007 | ta | ||
| 008 | 150427s2015----xo-----f-mn---000-0-slo-d | ||
| 040 | |a STU |b slo | ||
| 041 | 0 | |a slo | |
| 100 | 1 | |a Hudecová, Silvia |u 046290 |4 aut |U FCHPT Ústav chemického a environmentálneho inžinierstva |T FCHPT Oddelenie environmentálneho inžinierstva |X 81654 |U C6290 |Y 120 |7 81654 | |
| 242 | 0 | 1 | |a Study of optimal wastewater management in the village Hrabovka |y eng |
| 245 | 1 | 0 | |a Štúdia optimálneho nakladania s odpadovou vodou v obci Hrabovka |
| 260 | |c 2021 | ||
| 650 | 4 | |a stoková sieť |2 slo | |
| 650 | 4 | |a návrh hospodárenia s dažďovou vodou |2 slo | |
| 650 | 4 | |a kvalita dažďovej vody |2 slo | |
| 650 | 4 | |a splaškové vody |2 slo | |
| 650 | 4 | |a dažďové vody |2 slo | |
| 650 | 4 | |a sewer network |2 eng | |
| 650 | 4 | |a sewage wastewater |2 eng | |
| 650 | 4 | |a rainwater |2 eng | |
| 650 | 4 | |a rainwater management proposal |2 eng | |
| 650 | 4 | |a rainwater quality |2 eng | |
| 700 | 1 | |a Drtil, Miloslav |u 046000 |k Z1 |4 ths |U FCHPT Fakulta chemickej a potravinárskej technológie |T FCHPT Ústav chemického a environmentálneho inžinierstva |X 3377 |U C6000 |Y 104 |7 A000003377 | |
| 856 | 4 | |u http://is.stuba.sk/zp/portal_zp.pl?podrobnosti=157706 | |